| 000 | 01712cam a22003134i 4500 | ||
|---|---|---|---|
| 001 | 18346384 | ||
| 005 | 20150914124731.0 | ||
| 008 | 141024s2015 enka b 001 0 eng | ||
| 010 | _a 2014042307 | ||
| 020 | _a9780190222703 (paperback) | ||
| 040 |
_aDLC _beng _cDLC _erda _dDLC |
||
| 042 | _apcc | ||
| 050 | 0 | 0 |
_aJZ4984 _b.H36 2015 |
| 082 | 0 | 0 |
_a341.23 _223 |
| 084 |
_aHIS015000 _2bisacsh |
||
| 100 | 1 |
_aHanhimèaki, Jussi M. _919128 |
|
| 245 | 1 | 0 |
_aThe United Nations : _bvery short introductions / _cJussi M. Hanhimdki. |
| 250 | _aSecond edition. | ||
| 260 |
_aOxford _bOxford University Press _c2008 |
||
| 300 |
_a172 pages : _billustrations ; _c17 cm |
||
| 440 |
_aA very short introduction _919891 |
||
| 504 | _aIncludes bibliographical references and index. | ||
| 505 | 8 | _aMachine generated contents note: -- [from 1e:] -- List of illustrations -- Acknowledgments -- Introduction -- 1 The best hope of mankind?: A brief history of the UN -- 2 An impossible hybrid: the structure of the United Nations -- 3 Facing wars, confronting threats: the UN Security Council in action -- 4 Peacekeeping to peacebuilding -- 5 Economic development to human development -- 6 Rights and responsibilities: human rights to human security -- 7 Reform and challenges: the future of the United Nations -- Chronology -- Glossary: acronyms of major UN organs and agencies used in the text -- References -- Further reading -- Index. | |
| 650 | 0 |
_aUnited Nations. _919129 |
|
| 650 | 7 |
_aHISTORY / Europe / Great Britain. _2bisacsh _919130 |
|
| 906 |
_a7 _bcbc _corignew _d1 _eecip _f20 _gy-gencatlg |
||
| 942 |
_2lcc _cMONOGRAPH |
||
| 999 |
_c123174 _d123174 |
||